100 zawodów według podpowiedzi - Statystyki

Ogólne statystyki
  • Ten quiz został rozwiązany 695 razy
  • Średni wynik to 63 z 100
Statystyki odpowiedzi
# Podpowiedź Zawód % Poprawnych
1 Pracuje w kuchni Kucharz
100%
3 Uprawia ziemię Rolnik / Farmer
95%
5 Naprawia samochody Mechanik
94%
2 Nazywany jest stróżem prawa Policjant
93%
9 Naucza w szkołach Nauczyciel
90%
8 Leczy zwierzęta Weterynarz
90%
10 Wydobywa surowce w kopalniach Górnik
87%
14 Zajmuje się stylizacją włosów Fryzjer
86%
13 Główna osoba odpowiedzialna za produkcję filmu Reżyser
84%
12 Projektuje budynki Architekt
83%
22 Odprawia msze święte w kościele katolickim Ksiądz / Kapłan
83%
29 Leczy ludzi Lekarz
83%
24 Dzięki niemu powstają chleb, bułki i inne wyroby tego typu Piekarz
83%
20 Prowadzi rozprawy w sądzie Sędzia
83%
23 Walczy na wojnie Żołnierz
83%
28 Odgrywa przypisaną mu rolę w filmie, teatrze itp. Aktor
81%
4 Lata w kosmos Astronauta
81%
31 Zajmuje się bezpośrednio obsłużeniem klienta w restauracji Kelner
81%
35 Gasi pożary Strażak
81%
42 Leczy zęby Dentysta / Stomatolog
80%
16 Siedzi za sterami statków powietrznych Pilot
80%
48 Opiekuje się dziećmi na zlecenie jego rodziców Niania / Opiekun
79%
36 Głowa większości republik na świecie, a w Polsce także większych miast Prezydent
79%
21 Oprowadza turystów po danej lokacji Przewodnik
79%
25 Sprawdza bilety w pojazdach komunikacji publicznej Konduktor
78%
39 Pilnuje bezpieczeństwa ludzi kąpiących się na basenie, nad morzem, jeziorem itp. Ratownik
78%
44 Uprawia sport Sportowiec
78%
53 Roznosi listy Listonosz
77%
26 Zatrudniony do zapewnienia bezpieczeństwa w danym obiekcie Ochroniarz
77%
11 Zasiada w sejmie Poseł
77%
15 Rzemieślnik zajmujący się butami Szewc
75%
33 Czyści i udrażnia przewody wentylacyjne, kominowe i spalinowe Kominiarz
74%
34 Sprząta oraz ma klucze do wszystkich gabinetów obiektu Woźny
74%
7 Pomaga w prowadzeniu rachunkowości oraz rozliczaniu się z podatków Księgowy
73%
32 Wycina drzewa w lesie Drwal
72%
19 Dzięki niemu gra orkiestry na żywo jest spójna i harmonijna Dyrygent
71%
61 Dostarcza produkty zamówione w sklepie internetowym do domu lub paczkomatu Kurier
70%
50 Pielęgnuje rośliny na danej posesji Ogrodnik
70%
56 Pomaga ludziom z problemami dotyczącymi ich sposobu myślenia i zachowania Psycholog
70%
60 Hoduje pszczoły Pszczelarz
70%
52 Łowi ryby Rybak
70%
65 Śpiewa piosenki Piosenkarz
69%
57 Przekłada teksty z jednego języka na inny Tłumacz
69%
80 Robi zdjęcia Fotograf
68%
37 Zajmuje się instalacjami wodnymi Hydraulik
68%
81 Maluje obrazy Malarz
68%
69 Zajmuje się pacjentami w szpitalu Pielęgniarka
68%
41 Pisze programy komputerowe Programista / Deweloper
68%
46 Tworzy wiersze Poeta
67%
70 Pokazuje ludziom sztuczki, które powodują zaskoczenie i są z pozoru sprzeczne z prawami fizyki Magik / Iluzjonista
65%
82 Tworzy rzeźby Rzeźbiarz
65%
30 Dokonuje obróbki mięsa, aby było ono zdatne do spożycia Rzeźnik
65%
59 Wznosi budynki Budowlaniec / Budowniczy
64%
27 Wykuwa narzędzia i inne przedmioty metalowe Kowal
64%
18 Zajmuje się obróbką drewna Stolarz
64%
92 Siedzi za sterami autobusu, ciężarówki, itp. Kierowca
63%
64 Członek załogi karetki, który udziela pomocy (dwa wyrazy) Ratownik medyczny
63%
38 Dowozi zamówione jedzenie Dostawca
62%
47 Wymienia zamki w drzwiach Ślusarz
62%
97 Zajmuje się stylizacją męskiego zarostu Barber
61%
89 Ocenia i dostosowuje program żywieniowy do potrzeb danej osoby Dietetyk
61%
40 Zajmuje się zabiegami pielęgnacji twarzy, dłoni, stóp, a także ich upiększaniem Kosmetyczka
60%
6 Kieruje tramwajem Motorniczy
60%
83 Może być więzienny, graniczny, miejski Strażnik
60%
88 Stoi na czele mniejszych miast Burmistrz
58%
95 Dystrybuuje i sprzedaje leki i wyroby medyczne Farmaceuta / Aptekarz
58%
85 Wykonuje prace podwodne Nurek
58%
90 Szyje ubrania Krawiec
57%
75 Udziela pomocy prawnych, opracowuje projekty umów prawnych, a także reprezentuje oskarżonego na rozprawie sądowej Adwokat
55%
17 Przygotowuje i przekazuje materiały informacyjne Dziennikarz
54%
62 Zasiada za kasą w banku, sklepie lub obiekcie, do którego wejścia potrzebny jest bilet Kasjer
54%
66 Pracuje w wykopaliskach Archeolog
53%
79 Korzysta z dostępnych narzędzi, zarówno komputerowych, jak i fizycznych, do tworzenia grafik Grafik
53%
84 Rozminowuje teren Saper
53%
74 Funkcjonariusz sądowy, który pilnuje, aby dłużnik wypłacił należność wierzycielowi Komornik
52%
93 Główna osoba zajmująca się lasem Leśniczy
52%
58 Tnie oraz spawa metale i ich stopy Spawacz
52%
67 Siedzi za sterami pociągu Maszynista
50%
96 Prowadzi transmisje na żywo na stronach takich jak Twitch, czy YouTube Streamer
48%
78 Czyta teksty w programach radiowych, a także tłumaczy na bieżąco wypowiedzi bohaterów filmu Lektor
47%
72 Składuje i przechowuje towary w specjalnie do tego wyznaczonym miejscu Magazynier
47%
45 Tworzy mapy Kartograf
46%
99 Oferuje zabiegi poprawiające sprawność fizyczną i łagodzące dolegliwości bólowe Fizjoterapeuta
43%
51 Wyprowadza stado zwierząt na wypas Pasterz
43%
63 Wspina się na wysokie szczyty górskie przy uprzednim przygotowaniu Alpinista
42%
43 Odgrywa przed widownią śmieszne scenki fabularne Kabareciarz
42%
54 Tworzy muzykę Kompozytor
42%
71 Nadzoruje rozgrywki toczone w kasynach Krupier
41%
55 Zajmuje się pogłębianiem wiedzy z zakresu konkretnej dziedziny nauki Naukowiec
40%
94 Łapie bezpańskie zwierzęta i wysyła je do np. schroniska Rakarz / Hycel
40%
77 Sporządza prognozę pogody Synoptyk / Meteorolog
40%
86 Osoba wyszkolona do przeciwdziałania najniebezpieczniejszym przestępstwom - nazwa zawodu pochodzi od jednego z nich Antyterrorysta
39%
100 Przygotowuje ciało osoby zmarłej do pochówku Grabarz
39%
98 Odprawia ludzi oraz towary na lotnisku, nazwa pochodzi od rodzaju podatku, który pobiera Celnik
33%
73 Pośredniczy w transakcjach kupna i sprzedaży na rynku giełdowym Makler
33%
87 Pracuje w administracji publicznej, wykonuje władzę publiczną w imieniu danego organu Urzędnik
27%
76 Pomaga w utrzymaniu statku w dobrym stanie, oraz w załadowaniu i rozładowaniu towarów Marynarz
20%
91 Reprezentuje państwo za granicą Dyplomata
13%
68 Zajmuje się rządzeniem w większym lub mniejszym stopniu, podejmuje decyzje związane z rozwojem danego obszaru (lub dąży do takiej możliwości) Polityk
10%
49 Nadzoruje stan techniczny pojazdów i budynków Konserwator
9%
Nie znaleziono quizów pasujących do podanych kryteriów
Rozkład punktacji
Procent ludzi z każdym wynikiem
Percentyl według liczby udzielonych odpowiedzi
Twoja historia wyników
Nie rozwiązałeś tego quizu